[Event "Politiken Cup 31st"]
[Site "Helsingor"]
[Date "2009.07.26"]
[Round "10"]
[White "Ostlund, Anders"]
[Black "Nilsson, Anders1111"]
[Result "1/2-1/2"]
[WhiteElo "2067"]
[BlackElo "2169"]
[PlyCount "81"]
[EventDate "2009.07.18"]
[EventType "swiss"]
[EventRounds "10"]
[EventCountry "DEN"]
[SourceTitle "CBM 131 Extra"]
[Source "ChessBase"]
[SourceDate "2009.09.03"]
[SourceVersion "2"]
[SourceVersionDate "2009.09.16"]
[SourceQuality "1"]

1. e4 e6 2. Nf3 d5 3. Nc3 Nf6 4. e5 Nfd7 5. d4 c5 6. dxc5 Nc6 7. Bf4 Bxc5 8. Bd3 f6 9. exf6 Qxf6 10. Bg3 Nde5 11. Nxe5 Nxe5 12. Qh5+ Ng6 13. Bb5+ Kf7 14. 0-0-0 Be7 15. h4 Rd8 16. Rd3 Kg8 17. Rf3 Qd4 18. Bd3 Rf8 19. Bxg6 hxg6 20. Rxf8+ Bxf8 21. Qxg6 Bd7 22. Rd1 Qf6 23. Qh5 Be8 24. Qe5 Rc8 25. Ne2 Bg6 26. Nd4 Be7 27. c3 Kf7 28. Nf3 Kg8 29. Ng5 Qxe5 30. Bxe5 Bxg5+ 31. hxg5 Rc4 32. Rd4 Kf7 33. Kd2 Bb1 34. a3 a6 35. Rxc4 dxc4 36. Ke3 Bd3 37. Kd4 Bf1 38. g3 Kg6 39. Kc5 Be2 40. Kb6 Bf3 41. Kc5 1/2-1/2